[Event "Podolsk"]
[Site "Podolsk"]
[Date "1993.??.??"]
[Round "?"]
[White "Krasenkow, Michal"]
[Black "Dvoirys, Semen I"]
[Result "1-0"]
[WhiteElo "2595"]
[BlackElo "2590"]
[Annotator "Belov,I"]
[PlyCount "49"]
[EventDate "1993.10.??"]
[EventType "tourn"]
[EventRounds "9"]
[EventCountry "RUS"]
[EventCategory "14"]
[SourceTitle "CBM 038"]
[Source "ChessBase"]
[SourceDate "1994.02.01"]
[SourceVersion "1"]
[SourceVersionDate "1994.02.01"]
[SourceQuality "1"]

1. Nf3 {Donev} Nf6 2. d4 g6 3. c4 Bg7 4. g3 d5 5. cxd5 Nxd5 6. Bg2 Nc6 7. e4
Nb6 8. d5 Na5 9. O-O O-O 10. Nc3 c6 11. Bf4 $5 cxd5 (11... Nac4 12. Qe2 e5 13.
dxe6 Bxe6 14. Rac1 $14) (11... Bg4 12. h3 Bxf3 13. Qxf3 cxd5 14. exd5 Nac4 15.
b3 Nd6 16. Rac1 Rc8 17. Rfe1 $14 {Ilic,Z-Nestorovic,D /Svetozarevo/1990/}) (
11... h6 $6 12. Qc1 cxd5 13. Nxd5 Nxd5 14. exd5 g5 15. Be5 f6 16. Bc7 Qxd5 17.
Rd1 Qb5 18. Nd4 Qb4 19. a3 Qa4 20. b3 $18 {Ilic,Z-Georges,S /Lenk/1991/}) (
11... Bxc3 12. bxc3 cxd5 13. Bh6 Re8 14. Qd4 f6 15. Rad1 $16) 12. exd5 Nac4 (
12... Bxc3 13. bxc3 Qxd5 (13... Nxd5 14. Bh6 Re8 15. Qd4 Nf6 16. Ne5 $44) 14.
Re1 Qxd1 15. Raxd1 $44) 13. Qe2 Bf5 $146 (13... Bd7 14. Rac1 Rc8 15. b3 Nd6 16.
Ne5 Rxc3 17. Rxc3 Bb5 18. Rc4 $13 {Jansa,V-Scholl,E /Amsterdam/1973/}) (13...
Re8 14. Ne5 Nxe5 15. Bxe5 Bxe5 16. Qxe5 Nc4 17. Qe2 Nd6 $10 {Ilic,Z-Ilincic,Z /
Zlatibor/1989/}) (13... e5 14. dxe6 Bxe6 15. Rfd1 Qc8 16. Rac1 Re8 17. b3 $14)
(13... Bg4 14. Rac1 (14. h3 {Donev} Bxf3 15. Bxf3 Rc8 16. Rac1 Nxb2 17. Qxb2
Na4 18. Qxb7 Rxc3 $13) 14... Rc8 15. b3 Nd6 16. Be5 $14 (16. Be5 $1 {Donev}
Bxe5 17. Qxe5 $14)) 14. Rac1 Rc8 15. b3 (15. Rfd1 $6 Nxb2 16. Qxb2 Rxc3 17.
Rxc3 Na4 18. Qb3 (18. Qxb7 {Donev} Nxc3 19. Rd2 Ne4 20. Re2 Nc3 21. Rd2 Ne4 22.
Rd1 Nc3 23. Rd2 Ne4 $10) 18... Nxc3 $17) 15... Nd6 16. Be5 Bh6 $5 (16... Bxe5
17. Nxe5 Nd7 18. Rfe1 Nxe5 19. Qxe5 Re8 20. h3 $14) (16... e6 {Donev} 17. Bxg7
Kxg7 18. dxe6 Bxe6 19. Rfd1 Qf6 $1 $13) 17. Rcd1 $8 Qd7 (17... Nd7 $6 18. Bd4
Re8 19. h3 $14 (19. Rfe1 {Donev} Qa5 $10)) 18. Bd4 Bg4 19. h3 $1 Nf5 $6 (19...
Bxf3 $5 20. Bxf3 Nf5 21. Bxb6 $8 (21. Bg4 $2 Nxd4 22. Rxd4 f5 $19) 21... axb6 (
21... Rxc3 $5 22. Bxa7 (22. Ba5 {Donev} Rcc8 $13) 22... Rfc8 $44 (22... Ra8 23.
Bb6 Qd6 24. Bd4 Nxd4 25. Rxd4 Qf6 $44)) 22. Na4 Qd6 23. Bg4 $14) 20. hxg4 Nxd4
21. Nxd4 Rxc3 22. Rfe1 $1 Nc8 $6 (22... Re8 $5 23. Nb5 Rc5 24. a4 a6 25. Na3
Bg7 $14) 23. Bh3 $1 $14 (23. Nb5 $5 Rc5 24. a4 a5 25. f4 Re8 26. g5 Bg7 $16 {
Krasenkov/}) 23... Rc5 $2 (23... Bg7 $5 24. Kh2 Re8 (24... Rd8 {Donev} 25. g5
Qe8 $14) 25. g5 Qd8 $16) 24. Ne6 $1 (24. Ne6 fxe6 25. g5 Qd6 26. Bxe6+ Kh8 27.
gxh6 $18) 24... fxe6 (24... Rxd5 {Donev} 25. g5 $1 Rxd1 26. Rxd1 Nd6 27. gxh6
Re8 28. Qe5 f6 $8 29. Qd5 $18) 25. g5 1-0

[Event "St Petersburg op2"]
[Site "St Petersburg"]
[Date "1994.??.??"]
[Round "2"]
[White "Loginov, Valery A"]
[Black "Gorbatov, Alexej"]
[Result "0-1"]
[WhiteElo "2610"]
[BlackElo "2415"]
[Annotator "Belov,I"]
[PlyCount "124"]
[EventDate "1994.10.??"]
[EventType "swiss"]
[EventRounds "9"]
[EventCountry "RUS"]
[SourceTitle "CBM 043 Extra"]
[Source "ChessBase"]
[SourceDate "1995.01.01"]
[SourceVersion "1"]
[SourceVersionDate "1995.01.01"]
[SourceQuality "1"]

1. Nf3 Nf6 2. g3 Nc6 $5 3. d4 (3. c4 e5 (3... d5)) 3... d5 4. Bg2 g6 (4... Bg4
$6 5. Ne5 $16) 5. O-O Bg7 6. c4 O-O (6... dxc4 7. Na3 O-O 8. Nxc4 Be6 9. b3 $14
) 7. cxd5 Nxd5 8. Nc3 (8. e4 Nb6 9. d5 Na5 10. Qe1 (10. Nc3 c6 $10) 10... Nac4
11. Nc3 e6 12. b3 Ne5 13. Nxe5 Bxe5 14. Bb2 Qe7 $10 {Pigusov,E-Epishin,V/Biel
(izt)/1993/0:1/63/}) 8... Nb6 9. e3 Re8 10. Ne1 (10. d5 Na5 11. Nd4 Bd7 $10)
10... e5 11. d5 Na5 12. e4 (12. Nc2 e4 13. Nxe4 Nxd5 14. Nd4 Nc4 $10 {
Mikhalchishin,A-Kozul,Z/JUG/1993/0:1/34/}) 12... c6 13. a4 $5 $146 (13. Nc2
cxd5 14. exd5 f5 (14... Nac4 15. b3 Nd6 16. Be3 f5 17. Rc1 $14 {Pigusov,
E-Belov,I/Moscow-2/1987/0,5/31/}) 15. Qe2 Nac4 16. b3 Nd6 17. Rd1 Bd7 $10 {
Dizdarevic,E-Rogers,I/Biel(op)/1987/0:1/42/}) 13... cxd5 14. exd5 Bf5 (14... f5
$5 15. b4 $140 $2 e4 16. bxa5 Bxc3 17. axb6 Bxa1 18. bxa7 Bg7 19. Be3 b6 $17) (
14... Nac4 15. a5 Nd7 $13) 15. g4 Bd7 (15... Bc8 16. h3 $14) 16. Ne4 h6 (16...
f5 17. Bg5 Qb8 18. Nc5 $16) 17. h3 Nc8 (17... Nac4 $32) 18. g5 $5 (18. Qc2 f5
19. gxf5 gxf5 20. Nc5 Nd6 $13) 18... hxg5 19. Qc2 {/\ 20.b4 f5 21.Bg5+-} (19.
Bxg5 f6 20. Be3 Nc4 $13) 19... Ne7 $5 20. Bxg5 (20. Nd6 Bf5 21. Qc5 b6 22. Qa3
Rf8 23. Bxg5 Qd7 $10) (20. b4 Rc8 21. Qd3 Nc4 22. Bxg5 Bf5 $13) 20... Rc8 21.
Qd1 Qb6 $8 22. Be3 Qa6 (22... Qd8 23. Nd6 (23. d6 Nf5 24. Bg5 Qb6 $13) 23...
Bg4 24. hxg4 Qxd6 $13) 23. Nd3 $1 (23. Nc5 Qd6) 23... Nxd5 $1 (23... b6 24. Nd6
) (23... Bf5 24. Ndc5 Qb6 25. d6 $18) 24. Ndc5 Qc6 25. Nxd7 Qxd7 (25... Nxe3
26. fxe3 Red8 27. Nef6+ $18) 26. Nc5 Rxc5 $8 27. Bxc5 e4 $1 28. Rc1 (28. Re1
Qf5 29. Qc2 Nf4 $132) 28... Nc6 (28... Qf5 $5) 29. Re1 f5 (29... b6 $2 30. Rxe4
$1 $18) (29... Qf5 30. Rc4 Nf4 31. Qg4 $16) 30. Qb3 b6 $1 (30... Qe6 31. Red1
Nf4 32. Qxe6+ Rxe6 33. Bf1 $16) 31. Red1 bxc5 32. Qxd5+ (32. Rxd5 Qf7 $1 33.
Rcxc5 Ne7 $19) 32... Qxd5 33. Rxd5 Bd4 34. Rd6 Ne5 35. Rc2 $6 (35. b4 Nd3 36.
Rb1 $14) 35... Rb8 $44 36. Bf1 Rb4 37. Bb5 (37. Ra6 c4 38. Rd6 Bxb2 $17) 37...
Nf3+ (37... Kg7 $32) 38. Kf1 Ne5 39. h4 $6 Kg7 40. Ke2 (40. Rd8 a6 41. Bxa6 (
41. Be8 Kf6) 41... Rxa4 $132) 40... Kh6 41. Rd8 Kh5 $1 42. Rh8+ Kg4 43. Kf1 Kf4
44. h5 gxh5 45. Rxh5 c4 {/\ Bb2} 46. Rh7 a6 47. Bxa6 (47. Be8 Bxb2 48. Ra7 Bd4
49. Rxa6 Rb1+ 50. Kg2 Nf3 $17) 47... Rxa4 48. Bc8 Ra1+ 49. Kg2 Nf3 50. Rh1 $8
Ne1+ 51. Rxe1 Rxe1 52. Be6 $2 (52. Rxc4 Bxb2 53. Rc5 Be5 54. Bd7 $44) 52... Ke5
53. Bxc4 f4 $17 54. Rd2 f3+ 55. Kh2 Ra1 56. b4 (56. b3 $32) 56... Ra4 57. Kg3
Rxb4 58. Bf1 (58. Ba6 Rb1 59. Bc4 Rg1+ 60. Kh2 Re1 61. Bb5 Bc5 62. Bc4 Kf4 63.
Bb5 Bxf2 64. Rxf2 e3 65. Ra2 e2 $19) 58... Rb1 59. Bh3 Rg1+ 60. Kh2 Re1 $1 61.
Ra2 Kf4 62. Rd2 Bxf2 $1 0-1

[Event "Alushta3"]
[Site "Alushta"]
[Date "1994.??.??"]
[Round "1"]
[White "Fominyh, Alexander"]
[Black "Beshukov, Sergei"]
[Result "1/2-1/2"]
[WhiteElo "2515"]
[BlackElo "2480"]
[Annotator "Belov,I"]
[PlyCount "63"]
[EventDate "1994.??.??"]
[EventType "tourn"]
[EventRounds "11"]
[EventCountry "UKR"]
[EventCategory "8"]
[SourceTitle "CBM 041"]
[Source "ChessBase"]
[SourceDate "1994.08.01"]
[SourceVersion "1"]
[SourceVersionDate "1994.08.01"]
[SourceQuality "1"]

1. d4 Nf6 2. Nf3 g6 3. c4 Bg7 4. g3 O-O 5. Bg2 d5 6. cxd5 Nxd5 7. O-O Nb6 8.
Nc3 Nc6 9. d5 Na5 10. Bg5 $5 $146 (10. e4) (10. Qc2) (10. Bf4) (10. Be3 Bxc3 $5
(10... Nac4 11. Bd4 Nxb2 12. Qb3 $44) 11. Bxb6 axb6 12. bxc3 c6 13. e4 Bg4 $10
{Phominyh,A-Stohl,I/Rimavska Sobota/1991/}) (10. Ng5 c6 11. dxc6 Nxc6 12. Nge4
Bf5 (12... h6 13. Nc5 Nd7 14. Nd3 Nde5 15. Nxe5 Qxd1 16. Rxd1 Nxe5 17. b3 $14 {
Bagirov,V-Szymczak,Z/Kirovakan/1978/0,5 (75)/}) 13. Bf4 Qc8 14. Qc1 Nd4 15. Re1
Rd8 $10 {Stangl,M-Mohr,S/Altensteig/1989/1:0 (46)/}) (10. Nd4 e5 11. Nb3 Nac4
12. e4 Qe7 13. Qe2 Bd7 14. Nd2 Nd6 15. a4 f5 $13 {Birnboim,N-Rechlis,G/ISR/
1987/}) 10... Nac4 (10... h6 11. Be3 Nac4 (11... Bxc3 12. bxc3 Qxd5 13. Bxh6
$16) 12. Bd4 Nxb2 13. Qb3 N2c4 14. Rfd1 $44) (10... c6 $5 11. dxc6 Qxd1 (11...
Nxc6 12. Qc1 Re8 13. Rd1 Qc7 14. Bh6 $14) 12. Rfxd1 Nxc6 13. Rac1 Bg4 $10) 11.
Nd2 $5 (11. Qc2 Nxb2 12. Qxb2 Na4 13. Nxa4 (13. Qc2 Nxc3 14. e4 $13) 13... Bxb2
14. Nxb2 Qxd5 $13) 11... h6 (11... Nxb2 $6 12. Qb3 Bxc3 13. Qxc3 N2a4 14. Qa3
$16) 12. Nxc4 (12. Bf4 e5 13. Nxc4 Nxc4) 12... Nxc4 13. Bf4 e5 14. Bc1 Nd6 15.
e4 (15. Qc2 $5) 15... c5 (15... Bd7 16. b3 c6 17. Ba3 $16) 16. dxc6 bxc6 17.
Qa4 (17. Be3 $5 Nb5 (17... Nc4 18. Bc5 Re8 19. b3 $14) 18. Na4 Nd4 19. Nc5 $14)
17... Bd7 18. Be3 Nb5 $1 19. Bc5 (19. Nxb5 cxb5 20. Qa6 $14) 19... Re8 20. Rfd1
$6 (20. Nxb5 cxb5 21. Qb3 $10) 20... Nd4 21. Rd2 (21. Bxd4 exd4 22. Ne2 c5 $15)
21... Bg4 $1 22. Kh1 (22. Bxd4 exd4 23. Ne2 Bxe2 24. Rxe2 Qb6 $15) 22... Qg5
23. Rd3 Qh5 $15 24. Bxd4 exd4 25. Rxd4 $1 Bxd4 26. Qxd4 $44 Bf3 27. Re1 Bxg2+ (
27... Red8 $5 28. Qe3 Bxg2+ 29. Kxg2 Rd7 $15) 28. Kxg2 Qe5 29. Qe3 Kg7 30. f4
Qe6 31. Qd4+ Kh7 32. e5 $13 1/2-1/2

[Event "Odorheiu Secuiesc"]
[Site "Odorheiu Secuiesc"]
[Date "1993.??.??"]
[Round "7"]
[White "Ribli, Zoltan"]
[Black "Rogozenco, Dorian"]
[Result "1-0"]
[WhiteElo "2620"]
[BlackElo "2480"]
[Annotator "Belov,I"]
[PlyCount "55"]
[EventDate "1993.05.??"]
[EventType "tourn"]
[EventRounds "11"]
[EventCountry "ROU"]
[EventCategory "12"]
[SourceTitle "CBM 036"]
[Source "ChessBase"]
[SourceDate "1993.10.01"]
[SourceVersion "1"]
[SourceVersionDate "1993.10.01"]
[SourceQuality "1"]

1. Nf3 {Wells} Nf6 2. c4 g6 3. g3 Bg7 4. Bg2 d5 5. cxd5 Nxd5 6. Nc3 O-O 7. O-O
Nc6 8. d4 Nb6 9. d5 Na5 10. Qc2 c6 (10... Nxd5 11. Rd1 c6 12. Ne1 $1 $16) (
10... Bf5 11. e4 Bg4 12. Bf4 {Stange,M-Ftacnik,L Brno 1992 Inf 55/452/} Bxf3
13. Bxf3 c6 $14 {Ftacnik/}) 11. dxc6 Nxc6 12. Rd1 Bf5 (12... Bd7 13. Be3 Nc4
14. Bc5 Qc8 (14... b6 $5 15. Nd4 Nxd4 $1 16. Bxd4 e5 17. Nd5 $13) 15. Rac1 Re8
16. b3 b6 $10 {Dolezal,M-Bretsnajdr,V Praha 1987/}) (12... Qc7 13. Nb5 Qb8 14.
Bf4 e5 15. Be3 Bf5 16. Qc5 Rc8 17. Nxa7 $5 Na4 18. Nxc6 bxc6 19. Qc1 Qxb2 $13 {
Beil,Z-David,P Olomouc 1988/}) (12... Qe8 $6 13. Qe4 $1 h6 14. Qh4 g5 15. Bxg5
hxg5 16. Nxg5 Bf5 17. Be4 Qc8 18. g4 Bxe4 19. Ncxe4 Rd8 20. Ng3 $1 $44 {
Sulava,N-Anic,D Budapest 1990/}) 13. e4 Bd7 14. Nd5 $1 $146 (14. Bf4 Rc8 15.
Qe2 Qe8 16. Nd5 Bg4 17. Nxb6 axb6 18. e5 Rd8 19. Qe3 Rxd1+ 20. Rxd1 Qa8 $10 {
Schlosser,P-Leko,P Netteral 1992/}) 14... Nxd5 (14... Rc8 15. Qe2 Qe8 (15...
Nxd5 16. exd5 Na5 17. Ne5 $16) 16. Nxb6 axb6 17. Be3 $16) 15. exd5 Na5 $6 (
15... Ne5 16. Nxe5 Bxe5 17. Bh6 Bg7 18. Bxg7 Kxg7 19. Qc3+ Kg8 20. Qb4 $14) (
15... Nb4 16. Qb3 a5 17. a3 Na6 18. Be3 $16) 16. Qe2 $1 (16. Nd4 Rc8 17. Qe2
Nc4 18. b3 Nd6 $10) 16... Ba4 {'!?' Wells.} (16... Rc8 17. Ne5 Bf5 18. Bf4 $14)
17. Rd4 $1 {'!!' Wells. Wells: 'Two points worth making here: 1) OK, it has to
be admitted that black's ambitious 16th move limited white's options. Moreover,
it would be reckless to try and claim that the removal of a fianchettoed
bishop around the king is 'normally' worth the exchange - this is not so I
would say. Still, at the same time it is the off-side nature of black's minor
pieces ( far away from defending the king-side ) that helps to justify the
sacrifice. White will also get a useful be tempo later. 2) Again the specifics
of the position which decide. However, I would make the claim that without 18..
.e5 the quality of white's minor pieces and his attacking chances are very
good value. '} (17. Re1 Qxd5 18. Ng5 Qb5 $13) (17. Rd2 $6 Rc8 18. Ne5 Qc7 $15)
17... Bxd4 18. Nxd4 e5 (18... Rc8 19. Bh6 Bd7 (19... Re8 $2 20. Qe5 f6 21. Qe6+
Kh8 22. Qf7 Rg8 23. Ne6 $18) 20. Bxf8 Qxf8 21. b3 $16) 19. Qxe5 Re8 $6 {
Wells: 'A plausible attempt to seize back the initiative. White apparently has
back rank difficulties.'} (19... Nc4 $5 20. Qe2 Nd6 21. b3 Re8 22. Qd2 Bd7 23.
Bb2 $14) 20. Ne6 $1 $18 {'!!' Wells.} fxe6 21. b3 {'!' Wells. Wells: 'What is
so pleasing is that BOTH of the bishops play a critical role in the attack!'}
Re7 (21... exd5 22. Bxd5+ Kf8 23. Bh6#) 22. Bb2 Qf8 23. d6 Qg7 (23... Rd7 24.
Qxe6+ Qf7 (24... Rf7 25. Bd5 Re8 26. Qf6 $18) 25. Qe5 Qg7 26. Bd5+ Kh8 (26...
Kf8 27. Qf4+ Rf7 28. Bxg7+ $18) 27. Qe2 $18) 24. Qe2 e5 25. dxe7 Bc6 26. Bh3
Qxe7 27. b4 $1 {Wells: 'A nice deflection, and also a reminder of the dismal
role of black's off-side minor bits.'} Qxb4 28. Qxe5 1-0

[Event "St Petersburg op2"]
[Site "St Petersburg"]
[Date "1994.??.??"]
[Round "7"]
[White "Kochyev, Alexander"]
[Black "Turov, Maxim"]
[Result "1-0"]
[WhiteElo "2465"]
[BlackElo "2405"]
[Annotator "Belov,I"]
[PlyCount "111"]
[EventDate "1994.10.??"]
[EventType "swiss"]
[EventRounds "9"]
[EventCountry "RUS"]
[SourceTitle "CBM 043 Extra"]
[Source "ChessBase"]
[SourceDate "1995.01.01"]
[SourceVersion "1"]
[SourceVersionDate "1995.01.01"]
[SourceQuality "1"]

1. Nf3 Nf6 2. c4 g6 3. g3 Bg7 4. Bg2 O-O 5. d4 d5 6. cxd5 Nxd5 7. O-O Nb6 8.
Nc3 Nc6 9. Bf4 Be6 (9... Nxd4 10. Nxd4 e5 $1 11. Nc6 Qxd1 12. Ne7+ Kh8 13.
Rfxd1 exf4 14. Nxc8 Raxc8 15. Bxb7 Rb8 16. Ba6 $10 {Ermenkov,E-Jansa,V/Sombor/
1972/}) 10. Rc1 $1 (10. Qc1 Nxd4 11. Nxd4 Qxd4 12. Bxb7 (12. Rd1 Qc4 13. Bxb7
Rad8 $10 {Donchev,D-Ftacnik,L/Prague/1985/}) 12... Rab8 13. Rd1 Qb4 14. Bf3 Na4
15. Nxa4 Qxa4 16. b3 Qa6 $10 {Lechtynsky,J-Stohl,I/Trencianske Teplice/1975/})
10... h6 (10... Nxd4 11. Nxd4 Qxd4 12. Bxb7 $14) (10... Nd5 $5) 11. b3 a6 (
11... Nd5 $32) 12. Qd2 Kh7 13. Rfd1 $14 Nd5 14. Ne5 $1 (14. Nxd5 Bxd5 $10)
14... Nxe5 (14... Nxf4 15. gxf4) 15. Bxe5 c6 (15... Bxe5 $6 16. dxe5 Nxc3 17.
Qxc3 $16) 16. Bxg7 Kxg7 17. Nxd5 (17. e4 Nf6 $1 18. d5 cxd5 19. exd5 Bf5 $10) (
17. Na4 $1 Nf6 18. Nc5 Bc8 19. e4 $16) 17... cxd5 (17... Bxd5 18. e4 Be6 19. d5
Bd7 20. e5 $16) 18. Rc5 $1 Qd7 (18... b6 19. Rc6 Bd7 20. Rc2 e6 21. Rdc1 Rc8
22. Qb4 $16) 19. Qf4 $1 g5 (19... Rac8 20. Bxd5 $1 Bxd5 21. Qe5+ f6 22. Rxd5 $1
$16) 20. Qe5+ f6 21. Qc7 $16 Rfd8 22. Rdc1 Rab8 23. Qb6 Qd6 24. Qxd6 Rxd6 25.
Kf1 Kf8 26. Ke1 Ke8 27. Kd2 Kd8 28. e3 Rc8 29. b4 b6 (29... Rxc5 30. bxc5 Rc6
31. Rb1 Kc7 $6 32. e4 $1) 30. Rxc8+ Bxc8 31. a4 $1 Bb7 (31... a5 32. bxa5 bxa5
33. Rc5 $18) 32. a5 Kd7 (32... e6 $5) 33. Bh3+ e6 34. f4 f5 $6 (34... h5 35.
fxg5 (35. f5 g4 36. fxe6+ Rxe6) 35... fxg5 36. Bf1 Ke7 37. Be2 $16) 35. g4 $1
fxg4 36. Bxg4 gxf4 37. exf4 b5 38. f5 exf5 39. Bxf5+ Kd8 40. Ke3 $18 Bc6 41.
Kf4 h5 $8 42. Ke5 Rh6 43. Rg1 Be8 44. Be6 Rh7 45. Kxd5 Bd7 46. Rg8+ Kc7 47.
Bxd7 Rxd7+ 48. Kc5 Kb7 49. d5 Rc7+ 50. Kd6 Rc2 51. Rg7+ Kb8 52. Rh7 $1 Rxh2 53.
Kc6 Rh4 (53... Rc2+ 54. Kb6 Kc8 55. Kxa6 $18) 54. Rh8+ Ka7 55. d6 Rh1 56. d7
1-0

[Event "Wch U20 55th"]
[Site "Bhubaneswar"]
[Date "2016.08.18"]
[Round "10"]
[White "Xiong, Jeffery"]
[Black "Nasuta, Grzegorz"]
[Result "1-0"]
[WhiteElo "2633"]
[BlackElo "2442"]
[Annotator "Besenthal,K"]
[PlyCount "133"]
[EventDate "2016.08.08"]
[EventType "swiss"]
[EventRounds "13"]
[EventCountry "IND"]
[SourceTitle "CBM 173 Extra"]
[Source "ChessBase"]
[SourceDate "2016.08.29"]
[SourceVersion "1"]
[SourceVersionDate "2016.08.29"]
[SourceQuality "1"]

1. d4 Nf6 2. c4 g6 3. Nf3 Bg7 4. g3 d5 5. cxd5 Nxd5 6. Bg2 Nb6 7. Nc3 Nc6 8. e3
O-O 9. O-O Re8 10. a3 Bd7 11. Nd2 Qc8 12. Nde4 Bh3 13. Bxh3 Qxh3 14. Nc5 Qc8
15. b4 Nd7 16. Nb3 e6 17. Bd2 Ne7 18. Rc1 c6 19. e4 Qc7 20. Bg5 Rad8 21. Qe2
Qb8 22. Rfd1 h6 23. Be3 e5 24. d5 cxd5 25. Nxd5 Nxd5 26. Rxd5 Nf6 27. Rxd8 Rxd8
28. f3 b6 29. Rc6 Rd6 30. b5 Qd8 31. Kf2 Qe7 32. Qc4 Rd7 33. a4 Qa3 34. Nd2 Kh7
35. Rc7 Rxc7 36. Qxc7 Qxa4 37. Qxf7 Qxb5 38. Qxa7 Nd7 39. Qa2 Qc6 40. Qc4 {
Diagramm [#] Die schwarze Stellung ist ohne Zweifel verteidigungsfähig;
betrachtet man den Bb6 als Schwäche, dann wäre es aber sicher sinnvoll
gewesen, die Damen auf dem Brett zu lassen. Nach dem Damentausch gerät
Schwarz zunehmend in die Defensive - und die Verteidigung ist schwieriger als
der Angriff zu führen.} Qxc4 ({Nach} 40... Nc5 $1 {wäre es Weiß schwer
gefallen, eine gute aktive Idee zu entwickeln.}) 41. Nxc4 b5 42. Nd6 b4 43. Ke2
Bf8 44. Nc4 Kg7 45. Kd3 Kf6 46. Nb2 Bc5 47. Nd1 Bxe3 48. Nxe3 Ke6 49. Kc4 Nb8
50. Kb5 b3 51. Nc4 Kf6 {Diagramm [#]} 52. Nd2 $1 (52. Kb4 Nc6+ 53. Kxb3 Nd4+ {
wäre natürlich nicht das gewesen, was Weiß sich vorgestellt hatte.}) 52...
b2 53. Kc4 Nc6 54. Kc3 Nd4 $6 ({Es sprach nichts gegen das sofortige} 54... h5)
55. Kxb2 g5 56. Kc3 h5 57. Kc4 Nc6 $6 (57... Nc2 {war stärker, weil aktiver.})
58. Kd5 Nb4+ $2 {Diagramm [#] Das verliert - Schwarz gerät in Zugzwang und
büßt den Be5 ein.} (58... Ne7+ 59. Kd6 Nc8+ 60. Kc5 Ke6 {war viel besser.})
59. Kd6 Nd3 60. Nc4 g4 61. fxg4 hxg4 62. Ne3 Kg5 63. Ke6 Ne1 64. Kxe5 Nf3+ 65.
Kd6 Nxh2 66. e5 Nf3 67. e6 1-0

[Event "EU-chT (Men) 10th"]
[Site "Debrecen"]
[Date "1992.11.??"]
[Round "2.1"]
[White "Yrjola, Jouni"]
[Black "Rytshagov, Mikhail"]
[Result "1/2-1/2"]
[WhiteElo "2485"]
[BlackElo "2385"]
[Annotator "Bulletin"]
[PlyCount "46"]
[EventDate "1992.11.20"]
[EventType "team-swiss"]
[EventRounds "9"]
[EventCountry "HUN"]
[SourceTitle "EU-chT"]
[Source "ChessBase"]
[SourceDate "1999.07.01"]
[SourceVersion "2"]
[SourceVersionDate "1999.07.01"]
[SourceQuality "1"]
[WhiteTeam "Finland"]
[BlackTeam "Estonia"]
[WhiteTeamCountry "FIN"]
[BlackTeamCountry "EST"]

1. d4 Nf6 2. c4 g6 3. Nf3 Bg7 4. g3 O-O 5. Bg2 d5 6. cxd5 Nxd5 7. O-O Nb6 8.
Nc3 Nc6 9. d5 Na5 10. e4 c6 11. Bg5 h6 12. Bf4 cxd5 13. exd5 Nac4 14. Qe2 e5
15. dxe6 Bxe6 16. Rfd1 Qf6 $5 (16... Qc8) 17. Nd4 Rae8 18. Ne4 Qe7 19. b3 Bd5
20. bxc4 Bxe4 21. Rac1 Bxg2 22. Qxe7 Rxe7 23. Kxg2 Rd7 1/2-1/2

[Event "NOR-ch"]
[Site "Norway"]
[Date "1993.??.??"]
[Round "8"]
[White "Ogaard, Leif"]
[Black "Ostenstad, Berge"]
[Result "1-0"]
[WhiteElo "2415"]
[BlackElo "2465"]
[Annotator "Bulletin"]
[PlyCount "65"]
[EventDate "1993.??.??"]
[EventType "swiss"]
[EventRounds "9"]
[EventCountry "NOR"]
[SourceTitle "CBM 038"]
[Source "ChessBase"]
[SourceDate "1994.02.01"]
[SourceVersion "1"]
[SourceVersionDate "1994.02.01"]
[SourceQuality "1"]

1. d4 Nf6 2. c4 g6 3. Nf3 Bg7 4. g3 O-O 5. Bg2 d5 6. cxd5 Nxd5 7. O-O Nb6 8.
Nc3 Nc6 9. e3 e5 10. d5 Ne7 11. e4 Bg4 12. a4 c6 13. a5 Nc4 14. Qb3 Nxa5 15.
Qa2 b6 16. b4 Nb7 17. Bg5 h6 (17... c5 18. d6 Qxd6 (18... Nxd6 19. Nd5 Ndc8 20.
Rfd1 Be6 21. Nxe7+ Nxe7 22. Rxd8 Bxa2 23. Rxa8 Rxa8 24. Rxa2) 19. Rfd1 Qc7 20.
Nb5 Qc6 21. Bxe7 Qxb5 22. Bxf8 Kxf8 23. Qd5 Rb8 24. Rxa7 Be6 25. Rxb7 $1 Bxd5
26. Rxb8+ Ke7 27. exd5 $18) 18. Bxe7 Qxe7 19. dxc6 Nd6 20. Nd5 Qe6 21. Nc7 Qxa2
22. Rxa2 Rad8 23. h3 Bc8 24. Re1 a6 25. Nd5 Nc4 26. Bf1 b5 27. Bxc4 bxc4 28.
Ne7+ Kh8 29. Nxc8 Rxc8 30. Rxa6 Rb8 31. Rc1 Rxb4 32. Nd2 f5 33. Nxc4 1-0

[Event "URS-ch46 First League"]
[Site "Ashkhabad"]
[Date "1978.??.??"]
[Round "5"]
[White "Tukmakov, Vladimir B"]
[Black "Timoscenko, Gennadij A"]
[Result "1/2-1/2"]
[WhiteElo "2560"]
[BlackElo "2530"]
[Annotator "Bulletin"]
[PlyCount "59"]
[EventDate "1978.10.??"]
[EventType "tourn"]
[EventRounds "17"]
[EventCountry "URS"]
[EventCategory "10"]
[SourceTitle "MCL"]
[Source "ChessBase"]
[SourceDate "1999.07.01"]
[SourceVersion "1"]
[SourceVersionDate "1999.07.01"]
[SourceQuality "1"]

1. d4 Nf6 2. c4 g6 3. Nf3 Bg7 4. g3 O-O 5. Bg2 d5 6. cxd5 Nxd5 7. O-O Nb6 8.
Nc3 Nc6 9. e3 e5 10. d5 Ne7 11. e4 Bg4 12. h3 $6 Bxf3 13. Qxf3 c6 14. Rd1 cxd5
15. Nxd5 Nbxd5 16. Bg5 $1 h6 (16... f6 $5 17. Be3 Qe8 18. exd5 Nf5) 17. Rxd5
Qe8 18. Bxe7 Qxe7 19. Bf1 Rfd8 20. Bc4 Rxd5 21. Bxd5 Rc8 22. Qg4 Rc5 23. Bb3 (
23. Qxg6 $4 Rxd5 $19) 23... Kh7 24. Rd1 Rc7 25. h4 h5 26. Qf3 Qf6 27. Qe3 Bf8
$1 $10 28. Rd5 b6 29. Kg2 Bc5 30. Qd2 1/2-1/2